000 00353 a2200157 4500
001 165396
020 _a
040 _cMagnum
100 _aStanislavski, Constantin
240 1 0 _aA construcao da personagem
_lpor
245 1 0 _aA construcao da personagem
362 0 _a1899
440 1 _aCivilização Brasileira
697 _aTEATRO
942 _cBK
999 _c165396
_d165396